000 00670nam a2200265Ia 4500
005 20260121165137.0
008 008 260114s9999 xx 000 0 eng d
020 _a9781349949250
037 _aEBOOK
040 _aCRL
040 _beng
040 _cCRL
041 _2eng
041 _aeng
084 _qCRL
100 _aMark Lloyd, Lewis A. Friedland
_91048072
245 4 _aThe Communication Crisis in America, And How to Fix It
260 _bSpringer
260 _bSpringer
260 _c2016
856 _uhttps://link.springer.com/openurl?genre=book&isbn=978-1-349-94925-0
942 _cEBOOK
999 _c1613797
_d1613797